[Event "20. Obert Int. Sant Marti 2018"]
[Site "Barcelona ESP"]
[Date "2018.07.20"]
[Round "8.48"]
[White "Yang, Jack Nathaniel"]
[Black "Niklesh, Kumar Jain"]
[Result "0-1"]
[WhiteElo "1661"]
[BlackElo "1955"]
[PlyCount "76"]
[EventDate "2018.07.13"]
[EventType "swiss"]
[EventRounds "9"]
[EventCountry "ESP"]
[SourceTitle "Ajedrez en Madrid"]
[Source "lmi"]
[SourceDate "2018.07.13"]
[SourceVersion "1"]
[SourceVersionDate "2019.06.21"]
[SourceQuality "1"]

1. d4 Nf6 2. c4 e6 3. Nf3 Bb4+ 4. Bd2 Qe7 5. Nc3 O-O 6. a3 Bxc3 7. Bxc3 Ne4 8.
Rc1 Nxc3 9. Rxc3 d6 10. e3 Nd7 11. Be2 e5 12. d5 a5 13. e4 a4 14. O-O Nc5 15.
Nd2 Qh4 16. Bd3 Bg4 17. f3 Bd7 18. Bc2 f5 19. Qe2 f4 20. Qf2 Qg5 21. Kh1 Rf6
22. Rg1 Rh6 23. g3 Rf8 24. g4 Rh4 25. Rg2 h5 26. gxh5 Qxh5 27. Qg1 Qh6 28. Rg6
Rxh2+ 29. Qxh2 Qxg6 30. Nf1 Rf6 31. Qg2 Qh5+ 32. Nh2 Rg6 33. Qf2 Bh3 34. Bd3
Bg2+ 35. Qxg2 Rxg2 36. Kxg2 Qh4 37. Nf1 Qe1 38. Kg1 Qa1 0-1

[Event "20. Obert Int. Sant Marti 2018"]
[Site "Barcelona ESP"]
[Date "2018.07.20"]
[Round "8.49"]
[White "Martinez Aguero, Francisco"]
[Black "Alcaraz Lopez, Francesc"]
[Result "1-0"]
[WhiteElo "1504"]
[BlackElo "1889"]
[PlyCount "41"]
[EventDate "2018.07.13"]
[EventType "swiss"]
[EventRounds "9"]
[EventCountry "ESP"]
[SourceTitle "Ajedrez en Madrid"]
[Source "lmi"]
[SourceDate "2018.07.13"]
[SourceVersion "1"]
[SourceVersionDate "2019.06.21"]
[SourceQuality "1"]

1. e4 d6 2. d4 g6 3. Nf3 Bg7 4. Be2 Nf6 5. Nc3 O-O 6. h3 c6 7. O-O b5 8. b4 c5
9. dxc5 Nxe4 10. Nxe4 Bxa1 11. Qd5 Qc7 12. Qxa8 Nc6 13. cxd6 exd6 14. Bf4 Be5
15. Nxe5 Bb7 16. Nf6+ Kg7 17. Bh6+ Kxf6 18. Qxf8 Nxe5 19. Bg7+ Ke6 20. Bxe5
dxe5 21. Qc5 1-0

[Event "20. Obert Int. Sant Marti 2018"]
[Site "Barcelona ESP"]
[Date "2018.07.20"]
[Round "8.50"]
[White "Bernat, Ernest"]
[Black "Houzi Acharki, Hanane"]
[Result "1/2-1/2"]
[WhiteElo "1880"]
[BlackElo "1664"]
[PlyCount "81"]
[EventDate "2018.07.13"]
[EventType "swiss"]
[EventRounds "9"]
[EventCountry "ESP"]
[SourceTitle "Ajedrez en Madrid"]
[Source "lmi"]
[SourceDate "2018.07.13"]
[SourceVersion "1"]
[SourceVersionDate "2019.06.21"]
[SourceQuality "1"]

1. e4 c5 2. Nf3 d6 3. d4 cxd4 4. Nxd4 Nf6 5. Nc3 g6 6. Be2 Bg7 7. O-O O-O 8.
Be3 Nc6 9. h3 Bd7 10. Nb3 Rc8 11. Qd2 a6 12. a4 Ne5 13. f3 Qc7 14. a5 Be6 15.
Bb6 Qb8 16. Be3 Nc4 17. Bxc4 Bxc4 18. Rfd1 Nd7 19. Nd4 Qc7 20. Ra3 Nc5 21. Qf2
Ne6 22. Nde2 Bxe2 23. Qxe2 Bxc3 24. bxc3 Qc4 25. Qd2 Rc7 26. Rb1 Qc6 27. Rb6
Qc4 28. Rb4 Qc6 29. Qf2 Rfc8 30. Bb6 Rd7 31. Be3 Rdc7 32. h4 h5 33. Qg3 Qd7 34.
Bd2 Kh7 35. Qf2 Nc5 36. Qe3 Kg7 37. Qh6+ Kg8 38. Kh1 Qe8 39. Qe3 Qd7 40. Ra1
Qe6 41. Rbb1 1/2-1/2

[Event "20. Obert Int. Sant Marti 2018"]
[Site "Barcelona ESP"]
[Date "2018.07.20"]
[Round "8.51"]
[White "Casaponsa Puig, Gaieta"]
[Black "Roa Ribera, Alvaro"]
[Result "1-0"]
[WhiteElo "1818"]
[BlackElo "1742"]
[PlyCount "105"]
[EventDate "2018.07.13"]
[EventType "swiss"]
[EventRounds "9"]
[EventCountry "ESP"]
[SourceTitle "Ajedrez en Madrid"]
[Source "lmi"]
[SourceDate "2018.07.13"]
[SourceVersion "1"]
[SourceVersionDate "2019.06.21"]
[SourceQuality "1"]

1. d4 d5 2. c4 c6 3. e3 Bf5 4. Nc3 Nf6 5. f4 e6 6. Nf3 Be7 7. Be2 O-O 8. O-O
Nbd7 9. Qe1 Ne8 10. b3 Rb8 11. Bb2 Nc7 12. Nd2 Nf6 13. Bf3 c5 14. Na4 cxd4 15.
Bxd4 b5 16. cxb5 Nxb5 17. Bb2 Ba3 18. h3 h6 19. Be2 Bxb2 20. Nxb2 Qb6 21. Bxb5
Qxb5 22. Nf3 Qb6 23. Nd4 Bg6 24. Na4 Qd6 25. f5 exf5 26. Nxf5 Bxf5 27. Rxf5
Rfe8 28. Rd1 Qe6 29. Rf3 Rbc8 30. Nc3 Qe5 31. Nb5 Rc2 32. Rd2 Qb2 33. Rff2 Rc1
34. Rd1 Rxd1 35. Qxd1 Qe5 36. Re2 a6 37. Nd4 Ne4 38. Nf3 Nc3 39. Nxe5 Nxd1 40.
Ng4 h5 41. Nf2 Rxe3 42. Rxe3 Nxe3 43. Nd3 Nc2 44. Kf2 Kf8 45. b4 g6 46. a4 Ke7
47. Kf3 g5 48. g3 f5 49. h4 gxh4 50. gxh4 Kf6 51. Kf4 Nd4 52. Nc5 Nc6 53. Nxa6
1-0

[Event "20. Obert Int. Sant Marti 2018"]
[Site "Barcelona ESP"]
[Date "2018.07.20"]
[Round "8.52"]
[White "Llorens Gou, Juan"]
[Black "Romero Gamez, Francisco Javier"]
[Result "1-0"]
[WhiteElo "1717"]
[BlackElo "1540"]
[PlyCount "51"]
[EventDate "2018.07.13"]
[EventType "swiss"]
[EventRounds "9"]
[EventCountry "ESP"]
[SourceTitle "Ajedrez en Madrid"]
[Source "lmi"]
[SourceDate "2018.07.13"]
[SourceVersion "1"]
[SourceVersionDate "2019.06.21"]
[SourceQuality "1"]

1. d4 Nf6 2. Bf4 g6 3. Nf3 Bg7 4. e3 d6 5. h3 O-O 6. Be2 Nbd7 7. O-O b6 8. Nbd2
Bb7 9. c3 Re8 10. Bh2 e5 11. dxe5 dxe5 12. Nc4 e4 13. Nd4 c5 14. Nb5 Rf8 15.
Bd6 Re8 16. Nc7 Rc8 17. Nxe8 Nxe8 18. Bh2 b5 19. Nd6 Nxd6 20. Qxd6 Nf6 21.
Qxd8+ Rxd8 22. Rfd1 Rc8 23. Bxb5 a6 24. Bc4 h5 25. Rd6 a5 26. Rad1 1-0

[Event "20. Obert Int. Sant Marti 2018"]
[Site "Barcelona ESP"]
[Date "2018.07.21"]
[Round "9.9"]
[White "Fernandez Cardoso, Alexey"]
[Black "Frayna, Janelle Mae"]
[Result "1/2-1/2"]
[WhiteElo "2439"]
[BlackElo "2315"]
[PlyCount "64"]
[EventDate "2018.07.13"]
[EventType "swiss"]
[EventRounds "9"]
[EventCountry "ESP"]
[SourceTitle "Ajedrez en Madrid"]
[Source "lmi"]
[SourceDate "2018.07.13"]
[SourceVersion "1"]
[SourceVersionDate "2019.06.21"]
[SourceQuality "1"]

1. e4 g6 2. d4 Bg7 3. Nc3 d6 4. h3 a6 5. a4 Nf6 6. Nge2 h5 7. g3 O-O 8. Bg2 e5
9. O-O Nbd7 10. dxe5 dxe5 11. Be3 Qe7 12. a5 Rd8 13. Qc1 b5 14. axb6 cxb6 15.
Nd5 Nxd5 16. exd5 Rb8 17. c4 Nc5 18. Qc3 a5 19. b4 axb4 20. Qxb4 Bf5 21. Nc3
Qd7 22. Kh2 Bd3 23. Rfd1 e4 24. Ra2 Be5 25. Nb5 Ra8 26. Rdd2 h4 27. Bd4 hxg3+
28. fxg3 Qe7 29. d6 Qg5 30. Bxe5 Qxe5 31. Rxa8 Rxa8 32. Nc7 Rd8 1/2-1/2

[Event "20. Obert Int. Sant Marti 2018"]
[Site "Barcelona ESP"]
[Date "2018.07.21"]
[Round "9.12"]
[White "Navarro Lopez-Menchero, Daniel"]
[Black "Valenzuela Gomez, Fernando"]
[Result "0-1"]
[WhiteElo "2297"]
[BlackElo "2389"]
[PlyCount "122"]
[EventDate "2018.07.13"]
[EventType "swiss"]
[EventRounds "9"]
[EventCountry "ESP"]
[SourceTitle "Ajedrez en Madrid"]
[Source "lmi"]
[SourceDate "2018.07.13"]
[SourceVersion "1"]
[SourceVersionDate "2019.06.21"]
[SourceQuality "1"]

1. e4 Nf6 2. e5 Nd5 3. c4 Nb6 4. c5 Nd5 5. Nc3 e6 6. Bc4 Nxc3 7. dxc3 Nc6 8.
Bf4 Bxc5 9. Qg4 Bf8 10. Nf3 d5 11. Bd3 h6 12. h4 Bd7 13. h5 Qe7 14. Bg3 Qc5 15.
Bh4 d4 16. O-O-O Be7 17. Bxe7 Qxe7 18. cxd4 O-O-O 19. a3 Na5 20. Kb1 Ba4 21.
Rc1 Bc6 22. Be4 Bxe4+ 23. Qxe4 Rd5 24. Rc3 Rhd8 25. Rhc1 Nc6 26. Qc2 Kb8 27.
Rc4 Rb5 28. Qa4 Rdd5 29. R1c3 Qd7 30. Qc2 Qe8 31. Rc5 Rbxc5 32. Rxc5 Rd7 33.
Rc4 Ne7 34. Nd2 Nd5 35. Nb3 b6 36. g3 Rd8 37. Nd2 f6 38. g4 Qf8 39. Nf3 Qf7 40.
Qe4 Rf8 41. Nh4 fxe5 42. Ng6 Qf3 43. Qxf3 Rxf3 44. dxe5 Rxf2 45. Rc6 Kc8 46.
Rc4 Kd7 47. Ka2 c5 48. a4 Kc6 49. Kb3 Rf3+ 50. Ka2 a6 51. Kb1 b5 52. axb5+ axb5
53. Rc1 c4 54. Rg1 Kc5 55. g5 hxg5 56. Rxg5 Rf1+ 57. Kc2 Rf2+ 58. Kc1 Nb4 59.
Rg3 Nd3+ 60. Kd1 Rxb2 61. Nh4 Kb4 0-1

[Event "20. Obert Int. Sant Marti 2018"]
[Site "Barcelona ESP"]
[Date "2018.07.21"]
[Round "9.13"]
[White "Serarols Mabras, Bernat"]
[Black "Grafl, Florian"]
[Result "1-0"]
[WhiteElo "2269"]
[BlackElo "2364"]
[PlyCount "139"]
[EventDate "2018.07.13"]
[EventType "swiss"]
[EventRounds "9"]
[EventCountry "ESP"]
[SourceTitle "Ajedrez en Madrid"]
[Source "lmi"]
[SourceDate "2018.07.13"]
[SourceVersion "1"]
[SourceVersionDate "2019.06.21"]
[SourceQuality "1"]

1. d4 Nc6 2. c4 e5 3. d5 Bb4+ 4. Bd2 Bxd2+ 5. Qxd2 Nce7 6. e4 d6 7. Bd3 f5 8.
Nc3 Nf6 9. Nge2 O-O 10. f3 Kh8 11. O-O-O a6 12. Kb1 Bd7 13. exf5 Nxf5 14. g4
Nh4 15. Rhf1 Rb8 16. h3 b5 17. f4 e4 18. Nxe4 bxc4 19. Bc2 c6 20. Nxf6 Qxf6 21.
Ba4 Rb6 22. Qd4 Rfb8 23. Qxf6 gxf6 24. Rd2 Be8 25. Bxc6 Bxc6 26. dxc6 Rxc6 27.
Nc3 Ng6 28. Kc1 Re8 29. Nd5 Kg7 30. Kc2 Kf7 31. Kc3 Ne7 32. Ne3 Ke6 33. Rd4 d5
34. Re1 Kf7 35. Red1 Nc8 36. Nxd5 Nd6 37. Kc2 Re2+ 38. R4d2 Rxd2+ 39. Rxd2 a5
40. Re2 Rc5 41. Nc3 Rc6 42. f5 Nc8 43. Re4 Nb6 44. Rd4 Ke8 45. Ne4 Ke7 46. Nc3
Ke8 47. Nd5 Rd6 48. Re4+ Kd7 49. Re7+ Kc6 50. Nxb6 Kxb6 51. Rxh7 Rd3 52. Rh6
Kc5 53. Rxf6 Rxh3 54. g5 Rh2+ 55. Kc1 Rh1+ 56. Kd2 Rh2+ 57. Ke3 Rxb2 58. g6 Rg2
59. Rf7 Kd6 60. Kd4 Rg4+ 61. Kc3 Kd5 62. g7 Rg3+ 63. Kd2 c3+ 64. Kc2 Kd4 65. f6
Rg2+ 66. Kb3 a4+ 67. Ka3 Ke5 68. Rf8 c2 69. Kb2 a3+ 70. Kc1 1-0

[Event "20. Obert Int. Sant Marti 2018"]
[Site "Barcelona ESP"]
[Date "2018.07.21"]
[Round "9.15"]
[White "Alarcon Casellas, Rolando"]
[Black "Harikrishnan.A.Ra"]
[Result "1-0"]
[WhiteElo "2389"]
[BlackElo "2204"]
[PlyCount "135"]
[EventDate "2018.07.13"]
[EventType "swiss"]
[EventRounds "9"]
[EventCountry "ESP"]
[SourceTitle "Ajedrez en Madrid"]
[Source "lmi"]
[SourceDate "2018.07.13"]
[SourceVersion "1"]
[SourceVersionDate "2019.06.21"]
[SourceQuality "1"]

1. e4 e5 2. Nf3 Nc6 3. Bb5 g6 4. h4 h5 5. Nc3 Bg7 6. d3 Nge7 7. Ng5 f6 8. Nf3
d6 9. d4 a6 10. Be2 f5 11. dxe5 dxe5 12. Qxd8+ Nxd8 13. Ng5 Nf7 14. Bc4 Nd6 15.
Bb3 f4 16. Bd2 Bd7 17. O-O-O O-O-O 18. f3 Bf6 19. Ne6 Rde8 20. Nc5 Rd8 21. Nxd7
Kxd7 22. Na4 b6 23. Bb4 Nec8 24. Bf7 c5 25. Be1 Kc7 26. Bd5 Ne7 27. Be6 Nb7 28.
Rxd8 Nxd8 29. Bh3 Ndc6 30. Bf2 Nd4 31. Nc3 Rd8 32. Re1 Bg7 33. Nb1 Nec6 34. c3
Nb5 35. Nd2 Nd6 36. Be6 Re8 37. Bb3 Rd8 38. Bd5 Ne7 39. Be6 Rf8 40. Rd1 Rd8 41.
Kc2 Nb7 42. a4 Na5 43. Rg1 Rd6 44. Bf7 Rf6 45. Ba2 Rf8 46. Nc4 Nb7 47. Rd1 Rd8
48. Rxd8 Nxd8 49. a5 bxa5 50. Bxc5 Bf6 51. Bd6+ Kd7 52. Bxe5 Bxh4 53. Bxf4 Bf6
54. Nxa5 g5 55. Bg3 Ng6 56. Bc4 h4 57. Bh2 Be7 58. Bxa6 Ne6 59. Bb5+ Kc8 60.
Nc6 Bc5 61. b4 Bf2 62. Ba6+ Kd7 63. Ne5+ Nxe5 64. Bxe5 Nf4 65. Bxf4 gxf4 66. c4
Kd6 67. c5+ Ke5 68. Kd3 1-0

[Event "20. Obert Int. Sant Marti 2018"]
[Site "Barcelona ESP"]
[Date "2018.07.21"]
[Round "9.16"]
[White "Garcia Gil, Javier"]
[Black "Cruz, Filemon"]
[Result "1-0"]
[WhiteElo "2110"]
[BlackElo "2314"]
[PlyCount "77"]
[EventDate "2018.07.13"]
[EventType "swiss"]
[EventRounds "9"]
[EventCountry "ESP"]
[SourceTitle "Ajedrez en Madrid"]
[Source "lmi"]
[SourceDate "2018.07.13"]
[SourceVersion "1"]
[SourceVersionDate "2019.06.21"]
[SourceQuality "1"]

1. d4 Nf6 2. c4 e6 3. Nc3 Bb4 4. Qc2 c5 5. dxc5 Bxc5 6. Nf3 Qb6 7. e3 Be7 8. g4
h6 9. Rg1 g5 10. b3 d6 11. Bb2 a6 12. O-O-O Nbd7 13. Nd4 Rg8 14. Be2 Qc7 15.
Kb1 b6 16. Ba3 Bb7 17. Rd2 Nc5 18. f3 Rc8 19. Rc1 Kf8 20. Bb2 Ncd7 21. h3 Qb8
22. Qd1 Ne5 23. Qf1 Nc6 24. Nc2 h5 25. f4 hxg4 26. hxg4 gxf4 27. exf4 Nxg4 28.
Qh3 Nf6 29. Rdd1 Ke8 30. Rg1 Rxg1 31. Rxg1 Nd8 32. Qh8+ Kd7 33. Na4 Qa7 34. Bd4
Rc6 35. Bf3 d5 36. Rd1 Qb8 37. Be5 Qc8 38. Bxf6 b5 39. cxd5 1-0

[Event "20. Obert Int. Sant Marti 2018"]
[Site "Barcelona ESP"]
[Date "2018.07.21"]
[Round "9.17"]
[White "Gorti, Akshita"]
[Black "Marzo Pie, Xavier"]
[Result "1-0"]
[WhiteElo "2255"]
[BlackElo "2206"]
[PlyCount "43"]
[EventDate "2018.07.13"]
[EventType "swiss"]
[EventRounds "9"]
[EventCountry "ESP"]
[SourceTitle "Ajedrez en Madrid"]
[Source "lmi"]
[SourceDate "2018.07.13"]
[SourceVersion "1"]
[SourceVersionDate "2019.06.21"]
[SourceQuality "1"]

1. Nf3 d6 2. d4 Bg4 3. c4 Bxf3 4. exf3 g6 5. Nc3 Bg7 6. Be3 e6 7. Qb3 Qc8 8.
O-O-O Ne7 9. g4 h5 10. h4 Nbc6 11. Kb1 Rb8 12. d5 exd5 13. cxd5 Ne5 14. g5 a6
15. Bh3 Nf5 16. Ne4 Nxf3 17. Ba7 N3xh4 18. Bxb8 Qxb8 19. Ng3 Qc8 20. Qa4+ Kd8
21. Qxh4 Nxh4 22. Bxc8 1-0

[Event "20. Obert Int. Sant Marti 2018"]
[Site "Barcelona ESP"]
[Date "2018.07.21"]
[Round "9.18"]
[White "Saptorshi, Gupta"]
[Black "Blasco Coll, Andreu"]
[Result "1/2-1/2"]
[WhiteElo "2091"]
[BlackElo "2242"]
[PlyCount "91"]
[EventDate "2018.07.13"]
[EventType "swiss"]
[EventRounds "9"]
[EventCountry "ESP"]
[SourceTitle "Ajedrez en Madrid"]
[Source "lmi"]
[SourceDate "2018.07.13"]
[SourceVersion "1"]
[SourceVersionDate "2019.06.21"]
[SourceQuality "1"]

1. e4 c6 2. d4 d5 3. exd5 cxd5 4. c4 Nf6 5. Nc3 Nc6 6. Bg5 dxc4 7. d5 Ne5 8.
Qd4 h6 9. Bf4 Ng6 10. Bxc4 Nxf4 11. Qxf4 g5 12. Qd2 Bg7 13. Nf3 O-O 14. O-O Bd7
15. Rfe1 b5 16. Nxb5 Bxb5 17. Bxb5 Qxd5 18. Qe2 Rac8 19. Ba4 Qc4 20. Qxc4 Rxc4
21. Bb3 Rc7 22. h3 Nh5 23. Ne5 e6 24. g3 Rd8 25. Kg2 Rc5 26. Nc4 a5 27. Rad1
Rb8 28. Nd6 Bxb2 29. Rb1 Be5 30. Ne4 Rcb5 31. Rbd1 Nf6 32. Nxf6+ Bxf6 33. Rd7
Ra8 34. Re4 Rc5 35. Bd1 Rd8 36. Rxd8+ Bxd8 37. Rd4 Bb6 38. Rd7 Rf5 39. Bf3 Kg7
40. a4 Bc5 41. Rb7 Bd4 42. Rd7 e5 43. Rd5 Bc3 44. Rc5 Bb4 45. Rb5 Bc3 46. Rc5
1/2-1/2

[Event "20. Obert Int. Sant Marti 2018"]
[Site "Barcelona ESP"]
[Date "2018.07.21"]
[Round "9.19"]
[White "Rojas Fernandez, Andres"]
[Black "Ruperez, Miguel"]
[Result "1/2-1/2"]
[WhiteElo "1933"]
[BlackElo "2226"]
[PlyCount "100"]
[EventDate "2018.07.13"]
[EventType "swiss"]
[EventRounds "9"]
[EventCountry "ESP"]
[SourceTitle "Ajedrez en Madrid"]
[Source "lmi"]
[SourceDate "2018.07.13"]
[SourceVersion "1"]
[SourceVersionDate "2019.06.21"]
[SourceQuality "1"]

1. e4 c5 2. Nc3 e6 3. d3 Nc6 4. g3 g6 5. Bg2 Bg7 6. Be3 Nd4 7. Qd2 Ne7 8. Nd1
e5 9. c3 Ne6 10. Bh6 O-O 11. Bxg7 Kxg7 12. Nf3 Nc6 13. Ne3 d6 14. h4 h5 15. Bh3
Re8 16. Nd5 Ne7 17. Ng5 Nxg5 18. hxg5 Bxh3 19. Rxh3 Nxd5 20. exd5 e4 21. O-O-O
exd3 22. c4 Qe7 23. g4 Qe2 24. Qc3+ Qe5 25. gxh5 Qxc3+ 26. bxc3 gxh5 27. Rdxd3
Re1+ 28. Kc2 Re2+ 29. Rd2 Rxd2+ 30. Kxd2 Rh8 31. Ke3 Kg6 32. f4 h4 33. Kf3 Kf5
34. Rh2 a5 35. a3 a4 36. Rh3 Rh7 37. Rh2 Rh5 38. Rh3 Rh8 39. Rh2 b6 40. Rh3 Rh5
41. Rh2 Rh7 42. Rh3 Rh8 43. Rh2 h3 44. Kg3 Re8 45. Rxh3 Re3+ 46. Kh4 Re4 47.
Rf3 Kg6 48. Kg4 Rxc4 49. Rh3 Kg7 50. Rh6 Rxc3 1/2-1/2

[Event "20. Obert Int. Sant Marti 2018"]
[Site "Barcelona ESP"]
[Date "2018.07.21"]
[Round "9.20"]
[White "Davtyan, David Arm."]
[Black "Romero Pallares, Daniel"]
[Result "1/2-1/2"]
[WhiteElo "1926"]
[BlackElo "2202"]
[PlyCount "124"]
[EventDate "2018.07.13"]
[EventType "swiss"]
[EventRounds "9"]
[EventCountry "ESP"]
[SourceTitle "Ajedrez en Madrid"]
[Source "lmi"]
[SourceDate "2018.07.13"]
[SourceVersion "1"]
[SourceVersionDate "2019.06.21"]
[SourceQuality "1"]

1. Nf3 Nf6 2. g3 d6 3. d4 g6 4. Bg2 Bg7 5. O-O O-O 6. b3 e5 7. dxe5 Ng4 8. Bb2
Nc6 9. c4 Ngxe5 10. Nxe5 Nxe5 11. Nc3 Rb8 12. Qd2 Bd7 13. Rad1 Bc6 14. Nd5 a6
15. Qc2 Nd7 16. Bxg7 Kxg7 17. Qc3+ Kg8 18. b4 Bxd5 19. Bxd5 Qe7 20. e3 Rfe8 21.
Bg2 Ne5 22. Rc1 c6 23. Rfd1 Rbd8 24. Rd4 Qf6 25. Qd2 Nf3+ 26. Bxf3 Qxf3 27.
Rxd6 Rxd6 28. Qxd6 Qe2 29. Qd7 Rxe3 30. Qxb7 Rf3 31. Qb8+ Kg7 32. Qb6 h5 33.
Qd4+ Kh7 34. Rf1 Qxa2 35. Qe4 Rf6 36. Qd4 Rf3 37. Ra1 Rd3 38. Rxa2 Rxd4 39. c5
Rxb4 40. Rxa6 Rc4 41. Rxc6 Kg7 42. h3 Rc2 43. Rc8 Kf6 44. c6 Ke6 45. c7 Kf6 46.
h4 Rc1+ 47. Kg2 Rc3 48. Kf1 Rc2 49. Ke1 Kg7 50. Kd1 Rc6 51. Kd2 Rc4 52. Kd3 Rc1
53. f3 Rc6 54. g4 hxg4 55. fxg4 Rc1 56. h5 gxh5 57. gxh5 Rc6 58. Ke4 Rc4+ 59.
Ke5 Rc1 60. h6+ Kh7 61. Kf6 Rf1+ 62. Ke7 Re1+ 1/2-1/2

[Event "20. Obert Int. Sant Marti 2018"]
[Site "Barcelona ESP"]
[Date "2018.07.21"]
[Round "9.21"]
[White "Rusconi, Benito"]
[Black "Vatsal, Singhania"]
[Result "0-1"]
[WhiteElo "1981"]
[BlackElo "2194"]
[PlyCount "74"]
[EventDate "2018.07.13"]
[EventType "swiss"]
[EventRounds "9"]
[EventCountry "ESP"]
[SourceTitle "Ajedrez en Madrid"]
[Source "lmi"]
[SourceDate "2018.07.13"]
[SourceVersion "1"]
[SourceVersionDate "2019.06.21"]
[SourceQuality "1"]

1. e4 c5 2. Nf3 d6 3. d4 cxd4 4. Nxd4 Nf6 5. Nc3 Nc6 6. h3 g6 7. Be3 Bg7 8. g4
O-O 9. Bg2 Bd7 10. Nxc6 bxc6 11. O-O Rb8 12. Rb1 Qa5 13. Re1 Rfd8 14. Qe2 Be6
15. e5 Nd5 16. Nxd5 Bxd5 17. Bxd5 cxd5 18. exd6 Rxd6 19. Bd2 Qxa2 20. Qxe7 Re6
21. Qa3 Rxe1+ 22. Rxe1 Qxb2 23. Qxa7 Bd4 24. Qc7 Qb5 25. Re7 Ra8 26. Re1 Bb6
27. Qe7 Rc8 28. Bh6 Bd4 29. Qe2 Qc6 30. Qe7 Bf6 31. Qe2 Bc3 32. Rb1 Qf6 33. Rd1
g5 34. Rxd5 Qxh6 35. Qb5 Qxh3 36. Rxg5+ Kh8 37. Qf5 Re8 0-1

[Event "20. Obert Int. Sant Marti 2018"]
[Site "Barcelona ESP"]
[Date "2018.07.21"]
[Round "9.22"]
[White "Samant, Aditya S"]
[Black "Guix Torres, David"]
[Result "1-0"]
[WhiteElo "2191"]
[BlackElo "2059"]
[PlyCount "51"]
[EventDate "2018.07.13"]
[EventType "swiss"]
[EventRounds "9"]
[EventCountry "ESP"]
[SourceTitle "Ajedrez en Madrid"]
[Source "lmi"]
[SourceDate "2018.07.13"]
[SourceVersion "1"]
[SourceVersionDate "2019.06.21"]
[SourceQuality "1"]

1. e4 c5 2. Nf3 Nc6 3. d4 cxd4 4. Nxd4 g6 5. c4 Bg7 6. Be3 d6 7. Nc3 Nf6 8. Be2
Nxd4 9. Bxd4 O-O 10. O-O Be6 11. f4 Qa5 12. b3 Rfc8 13. Bf3 Rab8 14. Kh1 Nd7
15. Bxg7 Kxg7 16. Qd4+ Kg8 17. f5 gxf5 18. exf5 Qxf5 19. Nd5 Qg5 20. h4 Qg3 21.
Nxe7+ Kf8 22. Nxc8 Rxc8 23. Bxb7 Ne5 24. Bxc8 Ng4 25. Qf4 Qxh4+ 26. Kg1 1-0

[Event "20. Obert Int. Sant Marti 2018"]
[Site "Barcelona ESP"]
[Date "2018.07.21"]
[Round "9.23"]
[White "Sapale, Saloni"]
[Black "Anustoop, Biswas"]
[Result "0-1"]
[WhiteElo "2145"]
[BlackElo "2052"]
[PlyCount "94"]
[EventDate "2018.07.13"]
[EventType "swiss"]
[EventRounds "9"]
[EventCountry "ESP"]
[SourceTitle "Ajedrez en Madrid"]
[Source "lmi"]
[SourceDate "2018.07.13"]
[SourceVersion "1"]
[SourceVersionDate "2019.06.21"]
[SourceQuality "1"]

1. e4 e6 2. d4 d5 3. Nc3 Bb4 4. e5 Ne7 5. a3 Bxc3+ 6. bxc3 c5 7. Qg4 Qc7 8. Bd3
c4 9. Be2 Qa5 10. Bd2 Rg8 11. Qh3 h6 12. Bh5 Nbc6 13. Qf3 Rf8 14. Ne2 Bd7 15.
O-O Qa4 16. Ra2 Nf5 17. Ng3 Nce7 18. Bg4 Nh4 19. Qf4 Nhg6 20. Qe3 O-O-O 21. Nh5
Rg8 22. f4 Nh4 23. Qh3 Nhf5 24. Bd1 Nc6 25. g4 Nfe7 26. Ng3 Rdf8 27. f5 exf5
28. Nxf5 Nxf5 29. gxf5 Ne7 30. Bg4 h5 31. e6 fxe6 32. Qxh5 exf5 33. Qg5 Rf6 34.
Bh5 Qc6 35. Re1 Ng6 36. Raa1 Rh8 37. Kh1 Qd6 38. Re2 f4 39. Rg1 Bf5 40. Bxg6
Bxg6 41. Bxf4 Qf8 42. Qxd5 Bf7 43. Qa5 Rxf4 44. Re5 Qd8 45. Qc5+ Kb8 46. Rb1
Rxh2+ 47. Kg1 Rg4+ 0-1

[Event "20. Obert Int. Sant Marti 2018"]
[Site "Barcelona ESP"]
[Date "2018.07.21"]
[Round "9.24"]
[White "Deshpande, Aniruddha"]
[Black "Haak, Eelco"]
[Result "1-0"]
[WhiteElo "2132"]
[BlackElo "2015"]
[PlyCount "63"]
[EventDate "2018.07.13"]
[EventType "swiss"]
[EventRounds "9"]
[EventCountry "ESP"]
[SourceTitle "Ajedrez en Madrid"]
[Source "lmi"]
[SourceDate "2018.07.13"]
[SourceVersion "1"]
[SourceVersionDate "2019.06.21"]
[SourceQuality "1"]

1. d4 g6 2. c4 Bg7 3. g3 d6 4. Bg2 e5 5. dxe5 dxe5 6. Qxd8+ Kxd8 7. Nc3 c6 8.
b3 Be6 9. Ba3 Nd7 10. O-O-O Nh6 11. Nf3 f6 12. Ne4 Bf8 13. Bxf8 Rxf8 14. Nc5
Ke7 15. Nxb7 Ng4 16. Rhf1 a5 17. h3 Nh6 18. Nd2 Ra7 19. Bxc6 Rb8 20. Bxd7 Bxd7
21. Nc5 Bc6 22. Kb2 a4 23. Kc3 axb3 24. axb3 Rba8 25. b4 Nf7 26. h4 Nh6 27. b5
Be8 28. Ndb3 Ng4 29. b6 Ra2 30. Ra1 Rxa1 31. Rxa1 Rxa1 32. b7 1-0

[Event "20. Obert Int. Sant Marti 2018"]
[Site "Barcelona ESP"]
[Date "2018.07.21"]
[Round "9.25"]
[White "Persson, Andreas"]
[Black "Supriya, Joshi"]
[Result "1/2-1/2"]
[WhiteElo "2126"]
[BlackElo "1941"]
[PlyCount "101"]
[EventDate "2018.07.13"]
[EventType "swiss"]
[EventRounds "9"]
[EventCountry "ESP"]
[SourceTitle "Ajedrez en Madrid"]
[Source "lmi"]
[SourceDate "2018.07.13"]
[SourceVersion "1"]
[SourceVersionDate "2019.06.21"]
[SourceQuality "1"]

1. d4 Nf6 2. Bf4 g6 3. Nc3 d5 4. e3 c6 5. Be2 Bg7 6. h4 b5 7. h5 Nbd7 8. h6 Bf8
9. Nf3 Qa5 10. Nd2 b4 11. Nb3 Qd8 12. Na4 Ne4 13. f3 Nd6 14. Bd3 f6 15. e4 e5
16. Bg3 Be7 17. Nac5 Nxc5 18. dxc5 Nc4 19. Bxc4 dxc4 20. Qxd8+ Kxd8 21. Na5 Kc7
22. Nxc4 Bxc5 23. Bf2 Be7 24. Na5 Rb8 25. Nb3 a6 26. Bc5 Bxc5 27. Nxc5 Kb6 28.
Nd3 a5 29. Nf2 Rf8 30. O-O-O Kc7 31. Ng4 Bxg4 32. fxg4 f5 33. gxf5 gxf5 34. Rh5
fxe4 35. Rxe5 Rbe8 36. Rxe8 Rxe8 37. Rf1 e3 38. Rf7+ Kd6 39. Kd1 Re7 40. Rg7
Ke6 41. Rg3 Kf5 42. Ke2 Re6 43. Rh3 Rg6 44. Rh5+ Ke4 45. Rh4+ Kf5 46. Kxe3 Rxg2
47. Kd3 Rg3+ 48. Kd2 Rg2+ 49. Kd3 Rg3+ 50. Kd2 Rg2+ 51. Kd3 1/2-1/2

[Event "20. Obert Int. Sant Marti 2018"]
[Site "Barcelona ESP"]
[Date "2018.07.21"]
[Round "9.26"]
[White "Coste, Roman"]
[Black "Low, Kevin"]
[Result "1-0"]
[WhiteElo "1948"]
[BlackElo "2122"]
[PlyCount "103"]
[EventDate "2018.07.13"]
[EventType "swiss"]
[EventRounds "9"]
[EventCountry "ESP"]
[SourceTitle "Ajedrez en Madrid"]
[Source "lmi"]
[SourceDate "2018.07.13"]
[SourceVersion "1"]
[SourceVersionDate "2019.06.21"]
[SourceQuality "1"]

1. d4 Nf6 2. Nf3 e6 3. Bf4 d5 4. e3 c5 5. c3 Nc6 6. Bd3 Be7 7. h3 O-O 8. O-O c4
9. Be2 b5 10. a3 Bb7 11. Nbd2 a5 12. Qb1 b4 13. e4 Nd7 14. exd5 exd5 15. axb4
axb4 16. Qf5 Nb6 17. Rfe1 Bc8 18. Qh5 Bd7 19. Rxa8 Qxa8 20. Nf1 Qa2 21. Bc7 g6
22. Qh6 Qa7 23. Bxb6 Qxb6 24. Bxc4 Bf6 25. Bxd5 Ne7 26. Ng5 Bxg5 27. Qxg5 Nxd5
28. Qxd5 Be6 29. Qe5 bxc3 30. bxc3 Qb3 31. Qe3 Rc8 32. Rc1 Qb2 33. Qd2 Qb5 34.
Ne3 Qg5 35. Nc4 Qh4 36. Ne5 Bd5 37. c4 Ba8 38. d5 f6 39. Ng4 h5 40. Qh6 Qg5 41.
Qxg5 fxg5 42. Ne3 Kf7 43. Kf1 Ke7 44. Ke2 Kd6 45. Kd3 Bb7 46. Kd4 Rf8 47. c5+
Kc7 48. f3 Ba6 49. d6+ Kc6 50. Nd5 Be2 51. Ne7+ Kd7 52. Nxg6 1-0